Welcome to CU Library Online Public Access Catalogue (OPAC)

Critical Thinking Guide for Medical Surgical Nursing (Record no. 7834)

MARC details
000 -LEADER
fixed length control field 00533nam a22001577a 4500
005 - DATE AND TIME OF LATEST TRANSACTION
control field 20251027202342.0
008 - FIXED-LENGTH DATA ELEMENTS--GENERAL INFORMATION
fixed length control field 251027b |||||||| |||| 00| 0 eng d
020 ## - INTERNATIONAL STANDARD BOOK NUMBER
International Standard Book Number 9996002497
050 ## - LIBRARY OF CONGRESS CALL NUMBER
Classification number RT41
Item number .I36
245 ## - TITLE STATEMENT
Title Critical Thinking Guide for Medical Surgical Nursing
Remainder of title Critical Thinking for Collaborative Care
Statement of responsibility, etc. Prepared by Carol Gamer Dignon et al.,
250 ## - EDITION STATEMENT
Edition statement 4th ed.
Remainder of edition statement Revised Reprint
260 ## - PUBLICATION, DISTRIBUTION, ETC.
Place of publication, distribution, etc. St. Louis
Name of publisher, distributor, etc. Saunders
Date of publication, distribution, etc. 2002
300 ## - PHYSICAL DESCRIPTION
Extent vi. 538p.
Other physical details ill.
Dimensions 28cm
700 ## - ADDED ENTRY--PERSONAL NAME
Personal name Dignon, Carol Gamer
942 ## - ADDED ENTRY ELEMENTS (KOHA)
Source of classification or shelving scheme Library of Congress Classification
Koha item type Books
Edition 4th ed.
Suppress in OPAC No
999 ## -
-- 7834
-- 7834
Holdings
Withdrawn status Lost status Source of classification or shelving scheme Damaged status Not for loan Collection Home library Current library Shelving location Date acquired Total checkouts Full call number Barcode Date last seen Copy number Price effective from Koha item type
    Library of Congress Classification     Non-fiction Science Library (Miotso) Science Library (Miotso) General stacks 10/27/2025   RT41 .I36 MED SLM00004631 10/27/2025 1 10/27/2025 Books
    Library of Congress Classification     Non-fiction Science Library (Miotso) Science Library (Miotso) General stacks 10/27/2025   RT41 .I36 MED SLM00004632 10/27/2025 2 10/27/2025 Books
    Library of Congress Classification     Non-fiction Science Library (Miotso) Science Library (Miotso) General stacks 10/27/2025   RT41 .I36 MED SLM00004633 10/27/2025 3 10/27/2025 Books
    Library of Congress Classification     Non-fiction Science Library (Miotso) Science Library (Miotso) General stacks 10/27/2025   RT41 .I36 MED SLM00004634 10/27/2025 4 10/27/2025 Books
    Library of Congress Classification     Non-fiction Science Library (Miotso) Science Library (Miotso) General stacks 10/27/2025   RT41 .I36 MED SLM00004635 10/27/2025 5 10/27/2025 Books
© 2023-2024 Copyright: Central University Libraries. All Rights Reserved | Created by: Mahone Tech Office